| 000 | 00735cam a22001691 4500 | ||
|---|---|---|---|
| 082 |
_a621.56 _bGOO _cL-8, P-4 |
||
| 100 | 1 |
_aGoodman, William, _941854 |
|
| 245 | 0 | 0 |
_aAir conditioning analysis with psychrometric charts & tables, _cby William Goodman ... |
| 260 |
_aNew York, _bThe Macmillan Company, _c1943. |
||
| 300 |
_axxv p., 1 l., 455 p. incl. tables. _bdiagrs. (7 fold., in pocket) _c25 cm. |
||
| 500 | _a"References": p. 445-446. | ||
| 500 | _a"The psychrometric tables and charts and much of the text material have previously appeared in the magazine Heating, piping and air conditioning."--Pref. | ||
| 526 |
_a0 _b0 _c0 _d621_560000000000000_GOO |
||
| 650 | 0 |
_aAir conditioning. _919032 |
|
| 650 | 0 |
_aMCE _9379 |
|
| 942 |
_2ddc _cBK |
||
| 999 |
_c545897 _d545897 |
||